000 00323pam a2200133 a 4500
020 _c
041 _h
082 _a657.42
100 _aLAL (Jawahar)
_eauthor
245 _aCost Accounting.
_hTextual Document
260 _bTata McGraw-Hil Publication Company Limited . Delhi
_c2002
300 _axxi ,568
930 _a2103
999 _c821317
_d821317